Statistiques concernant Les départements français avec plus d'un million d'habitants

Cliquez ici pour prendre le quiz!

Statistiques générales

  • Ce quiz a été pris 3,449 fois
  • Le résultat moyen est 17 sur 23

Statistiques - réponses

Population Département % Correct
2 249 975Paris
98%
2 579 208Nord
91%
1 744 236Rhône
89%
1 975 896Bouches-du-Rhône
87%
1 529 928Seine-Saint-Denis
85%
1 463 662Gironde
84%
1 099 269Bas-Rhin
80%
1 413 635Yvelines
80%
1 462 807Pas-de-Calais
79%
1 012 735Var
75%
1 338 427Seine-et-Marne
74%
1 333 702Val de Marne
73%
1 081 244Alpes-Maritimes
73%
1 296 364Loire-Atlantique
72%
1 225 191Essonne
71%
1 062 036Hérault
71%
1 581 628Hauts-de-Seine
71%
1 180 365Val d'Oise
70%
1 260 226Haute-Garonne
62%
1 251 282Seine-Maritime
59%
1 215 212Isère
58%
1 011 165Ille-et-Vilaine
56%
1 045 146Moselle
49%

Distribution des résultats

Percentile by Number Answered

% des personnes avec chaque résultat

Votre développement - résultats

Vous n’avez pas pris ce quiz